| 000 | 00361nam a2200145Ia 4500 | ||
|---|---|---|---|
| 008 | 230312s9999||||xx |||||||||||||| ||und|| | ||
| 020 | _a1-5845-6212-2 | ||
| 082 |
_a720.19 _bCAR-A |
||
| 100 | _aCarroll,s;Lewis | ||
| 245 | 0 | _aAnnotated international bibliography | |
| 260 |
_bOak knoll _alondon _c2008 |
||
| 300 | _a241 | ||
| 650 | _aArchitecture | ||
| 942 | _cBK | ||
| 999 |
_c11624 _d11624 |
||